000 00413nam a22001337a 4500
008 221024b |||||||| |||| 00| 0 eng d
082 _aPOL.SOC CAP (2022)
100 _aLhaki, Tenzin
245 _aPerceptions regarding employment among the Bhutanese immigrants to Australia
260 _aThimphu :
_bRoyal Thimphu College,
_c2022.
300 _av, 43 p :
_c30 cm.
650 _aStudent research work
942 _2ddc
999 _c9164
_d9165